<?xml version="1.0" encoding="UTF-8"?><?xml-stylesheet type="text/xsl" href="static/style.xsl"?><OAI-PMH xmlns="http://www.openarchives.org/OAI/2.0/" xmlns:xsi="http://www.w3.org/2001/XMLSchema-instance" xsi:schemaLocation="http://www.openarchives.org/OAI/2.0/ http://www.openarchives.org/OAI/2.0/OAI-PMH.xsd"><responseDate>2026-04-17T22:57:28Z</responseDate><request verb="GetRecord" identifier="oai:riubu.ubu.es:10259/4705" metadataPrefix="marc">https://riubu.ubu.es/oai/request</request><GetRecord><record><header><identifier>oai:riubu.ubu.es:10259/4705</identifier><datestamp>2024-11-05T11:01:49Z</datestamp><setSpec>com_10259_4393</setSpec><setSpec>com_10259_5086</setSpec><setSpec>com_10259_2604</setSpec><setSpec>col_10259_4394</setSpec></header><metadata><record xmlns="http://www.loc.gov/MARC21/slim" xmlns:doc="http://www.lyncode.com/xoai" xmlns:xsi="http://www.w3.org/2001/XMLSchema-instance" xmlns:dcterms="http://purl.org/dc/terms/" xsi:schemaLocation="http://www.loc.gov/MARC21/slim http://www.loc.gov/standards/marcxml/schema/MARC21slim.xsd">
<leader>00925njm 22002777a 4500</leader>
<datafield tag="042" ind1=" " ind2=" ">
<subfield code="a">dc</subfield>
</datafield>
<datafield tag="720" ind1=" " ind2=" ">
<subfield code="a">Alonso Tristán, Cristina</subfield>
<subfield code="e">author</subfield>
</datafield>
<datafield tag="720" ind1=" " ind2=" ">
<subfield code="a">González López, Juan Antonio</subfield>
<subfield code="e">author</subfield>
</datafield>
<datafield tag="720" ind1=" " ind2=" ">
<subfield code="a">García de la Fuente, Isaías</subfield>
<subfield code="e">author</subfield>
</datafield>
<datafield tag="720" ind1=" " ind2=" ">
<subfield code="a">Cobos, José Carlos .</subfield>
<subfield code="e">author</subfield>
</datafield>
<datafield tag="260" ind1=" " ind2=" ">
<subfield code="c">2014-06</subfield>
</datafield>
<datafield tag="520" ind1=" " ind2=" ">
<subfield code="a">Coexistence curves for the liquid−liquid equilibria (LLE) of 1-phenylmethanamine&#xd;
(benzylamine) + CH3(CH2)nCH3 (n = 8, 9, 10, 12, 14) have been&#xd;
determined using the critical opalescence method by means of a laser scattering technique.&#xd;
All of the LLE curves show an upper critical solution temperature (UCST), which increases&#xd;
with increasing n. For systems including a given n-alkane, the UCST decreases in the&#xd;
sequence aniline > 2-methylaniline (o-toluidine) > benzylamine > N-methylaniline >&#xd;
pyridine. This means that amine−amine interactions become weaker in the same order.&#xd;
Most of the DISQUAC interaction parameters for the aliphatic/amine (a,n) and aromatic/&#xd;
amine (b,n) contacts previously determined for solutions with aniline, o-toluidine, or&#xd;
N-methylaniline have been used for the representation of the LLE data. Only the first&#xd;
dispersive interaction parameter of the (a,n) contact has been modified. The coordinates of&#xd;
the critical points are correctly represented by the model.</subfield>
</datafield>
<datafield tag="024" ind2=" " ind1="8">
<subfield code="a">0021-9568</subfield>
</datafield>
<datafield tag="024" ind2=" " ind1="8">
<subfield code="a">http://hdl.handle.net/10259/4705</subfield>
</datafield>
<datafield tag="024" ind2=" " ind1="8">
<subfield code="a">10.1021/je500283s</subfield>
</datafield>
<datafield tag="245" ind1="0" ind2="0">
<subfield code="a">Thermodynamics of Mixtures Containing Amines. XV. Liquid–Liquid Equilibria for Benzylamine + CH3(CH2)nCH3 (n = 8, 9, 10, 12, 14)</subfield>
</datafield>
</record></metadata></record></GetRecord></OAI-PMH>